| 000 | 00542nam a2200241Ia 4500 | ||
|---|---|---|---|
| 003 | IT-RoPAU | ||
| 008 | 120407s9999 xx 000 0 und d | ||
| 040 | _aIT-RoPAU | ||
| 040 | _cIT-RoPAU | ||
| 041 | _aita | ||
| 100 | _aHermann Erich | ||
| 245 | _aL’educazione del figlio unico | ||
| 250 | _aFrancavilla a Mare | ||
| 260 | _aEdizioni Paoline | ||
| 260 | _c1971 | ||
| 300 | _a84 p. | ||
| 300 | _c17,5 cm | ||
| 490 | _aConosci tuo figlio? | ||
| 490 | _v40 | ||
| 600 | _a1. Figli. Educazione. | ||
| 942 | _cBK | ||
| 999 |
_c36951 _d36951 |
||